Central Library OPAC University of Rajshahi

The Hindu view of life / (Record no. 32886)

MARC details
000 -LEADER
fixed length control field 00926nam a22003017a 4500
001 - CONTROL NUMBER
control field 32886
003 - CONTROL NUMBER IDENTIFIER
rucl marc code BD-RjUL
005 - DATE AND TIME OF LATEST TRANSACTION
control field 20211209051918.0
008 - FIXED-LENGTH DATA ELEMENTS--GENERAL INFORMATION
fixed length control field 140429r19681960enk a 000 0 eng
020 ## - INTERNATIONAL STANDARD BOOK NUMBER
International Standard Book Number 042940443
International Standard Book Number 042940451
035 ## - SYSTEM CONTROL NUMBER
System control number (BD-RjUL)32976
040 ## - CATALOGING SOURCE
Original cataloging agency DLC
Transcribing agency DLC
Language of cataloging eng
Modifying agency BD-RjUL
041 ## - LANGUAGE CODE
Language code of text/sound track or separate title eng
082 ## - DEWEY DECIMAL CLASSIFICATION NUMBER
Classification number 294.53
Author mark and year RAH 1968
100 1# - MAIN ENTRY--PERSONAL NAME
Personal name Radhakrishnan, S.
Fuller form of name (Sarvepalli),
Dates associated with a name 1888-1975.
9 (RLIN) 4068
245 14 - TITLE STATEMENT
Title The Hindu view of life /
Statement of responsibility, etc. by S. Radhakrishnan.
260 ## - PUBLICATION, DISTRIBUTION, ETC. (IMPRINT)
Place of publication, distribution, etc. London :
Name of publisher, distributor, etc. Unwin,
Date of publication, distribution, etc. 1960 [Reprint 1968].
300 ## - PHYSICAL DESCRIPTION
Pagination 92 p. ;
Size 19 cm.
500 ## - GENERAL NOTE
General note "First published in Great Britain, January 1927"--T.p. verso.
General note Master microform held by: ICRL.
650 #0 - SUBJECT ADDED ENTRY--TOPICAL TERM
Topical term or geographic name as entry element Hinduism.
9 (RLIN) 99976
830 #0 - SERIES ADDED ENTRY--UNIFORM TITLE
Volume number/sequential designation item 07435.
Uniform title SAMP early 20th-century Indian books project ;
942 ## - ADDED ENTRY ELEMENTS (KOHA)
Source of classification or shelving scheme Dewey Decimal Classification
Koha item type Books
Holdings
Lost status Source of classification or shelving scheme Damaged status Not for loan Collection code Permanent Location Current Location Shelving location Date acquired Source of acquisition Cost, normal purchase price Total Checkouts Full call number Date last seen Copy number Koha item type
  Dewey Decimal Classification   Not For Loan Non-fiction Central Library, University of Rajshahi Central Library, University of Rajshahi Reading Room 03/11/1990 Shawket Osman 0.00   294.53 RAH 1968 28/04/2014 C-1 Books